Welcome to the Holygrace Academy Library

Please use search bar below to get started

GURU NANAK (Record no. 5841)

MARC details
000 -LEADER
fixed length control field 00254nam a22001217a 4500
082 ## - DEWEY DECIMAL CLASSIFICATION NUMBER
Classification number 920
Item number BHO/G
100 ## - MAIN ENTRY--AUTHOR NAME
Personal name BHOLA,P.L
245 ## - TITLE STATEMENT
Title GURU NANAK
260 ## - PUBLICATION, DISTRIBUTION, ETC. (IMPRINT)
Place of publication GURGAON
Name of publisher PRASHANT PUBLICATIONS
300 ## - PHYSICAL DESCRIPTION
Number of Pages 16
650 ## - SUBJECT ADDED ENTRY--TOPICAL TERM
Topical Term BIOGRAPHY
Geographic subdivision GURGAON
942 ## - ADDED ENTRY ELEMENTS (KOHA)
Koha item type Books
Holdings
Withdrawn status Lost status Collection code Home library Current library Shelving location Date acquired Source of acquisition Full call number Accession Number Koha item type
    Reference Main Library Main Library SHELF-17-K-BIOGRAPHIES & AUTOBIOGRAPHIES 18/04/2006 PURCHASE 920 BHO/G 02504 Books